000
00311nam a22001457a 4500
020
_a
978-9352833962
041
_a
ENG
100
_a
Khurmi
245
_a
A textbook Engineering mechanics
250
_a
first ed
260
_a
Delhi
_b
S.Chand &Company Ltd
_c
2000
300
_a
840
650
_a
Fs
856
_u
FS
999
_c
251
_d
251